[Event "Tehran Alborz op 1st"]
[Site "Tehran"]
[Date "2014.03.06"]
[Round "1"]
[White "Ghavimi, Ghobad"]
[Black "Toufighi, Homayoon"]
[Result "0-1"]
[WhiteElo "1784"]
[BlackElo "2456"]
[PlyCount "44"]
[EventDate "2014.03.06"]
[EventType "swiss"]
[EventRounds "11"]
[EventCountry "IRI"]
[SourceTitle "CBM 159 Extra"]
[Source "ChessBase"]
[SourceDate "2014.04.24"]
[SourceVersion "1"]
[SourceVersionDate "2014.04.24"]
[SourceQuality "1"]

1. e4 e6 2. d4 d5 3. exd5 exd5 4. Nf3 Bd6 5. Bd3 Ne7 6. c3 Nbc6 7. Bg5 Bg4 8. Nbd2 Qd7 9. Qc2 Qe6+ 10. Kf1 f6 11. Bh4 0-0-0 12. Re1 Qd7 13. Bxh7 g6 14. Bxg6 Nxg6 15. Qxg6 Bf5 16. Qxf6 Rdf8 17. Qxh8 Rxh8 18. Bg3 Re8 19. Ne5 Nxe5 20. dxe5 Qb5+ 21. Kg1 Qxb2 22. Nf3 Bc5 0-1